Tilastot visalle Adrianmeren maat

Klikkaa tästä pelataksesi tätä visaa!

Yleistilastot

  • Tätä visaa on pelattu 170 kertaa
  • Keskiarvotulos 6 / 6

Vastaustilastot

Valtio% Oikein
Italia
100%
Kroatia
98%
Albania
97%
Bosnia ja Hertsegovina
93%
Montenegro
93%
Slovenia
93%

Tulosjakauma

Persentiili vastausten määrän mukaan

Jokaisen tuloksen saaneiden osuus

Tuloshistoriasi

Et ole pelannut tätä visaa